| 000 | 00864na a2200289 4500 | ||
|---|---|---|---|
| 001 | 12623 | ||
| 003 | MIRAKIL | ||
| 005 | 20181213155312.0 | ||
| 008 | 160824b tu 000 0 | ||
| 020 | _a9786053993797 | ||
| 035 | _a12623 | ||
| 040 |
_aMilas _btur _cTR-AnCHP |
||
| 082 |
_a791.437 _bS45 2015 |
||
| 090 | _a791.437 S45 2015 | ||
| 245 |
_aSinema ve psikanaliz 2 _bkayıp ve zaman _cderleyen Özden Terbaş ; Yayına hazırlayan : Cem Tüzün |
||
| 260 |
_aİstanbul _bİstanbul Bilgi Üniversitesi Yayınları _c2015 |
||
| 300 |
_axii, 145 s. _c23 sm. |
||
| 490 |
_aKonferanslar _v7 |
||
| 490 |
_aİstanbul Bilgi Üniversitesi yayınları _v502 |
||
| 504 | _aDizin var. | ||
| 650 | _aZaman, Sanatta | ||
| 650 |
_aFilmler _xPsikoloji |
||
| 650 | _aPsikanaliz ve sinema | ||
| 650 | _aSinema | ||
| 700 | _aTerbaş, Özden | ||
| 942 |
_2ddc _cBKS |
||
| 999 |
_c10233 _d10233 |
||